LEADER 00945nam 2200277 450 001 996710475203316 005 20260227124136.0 100 $a20260227d1984----km y0itay5003 ba 101 0 $aita 102 $aIT 105 $ay 00 y 200 1 $aAcquisto di azioni proprie$edall'invalidità del contratto all'obbligo di alienazione$fAntonella Antonucci 210 $aMilano$cGiuffrè$d1984 215 $a[381]-404 p.$d24 cm 300 $aTitolo della copertina 300 $aEstratto da: La seconda direttiva CEE in materia societaria / a cura di Luca Buttaro, Antonio Patroni Griffi, Milano : Giuffrè, 1984 606 0 $aAzioni proprie$2BNCF 676 $a332.6322 700 1$aANTONUCCI,$bAntonella$f<1955- >$0764364 801 0$aIT$bcba$gREICAT 912 $a996710475203316 951 $aXVI.7.Misc. 2578$b2624 FBUO$cXVI.7.Misc. 959 $aBK 969 $aFBUO 996 $aAcquisto di azioni proprie$94548777 997 $aUNISA